MARC

LEADER 00000nam0a2200000 4500
001 27210
005 20231101205758.0
035 |a (RuTPU)RU\TPU\book\27459 
035 |a BOOK00027534 
090 |a 27210 
100 |a 20011209d1997 m y0engy50 ba 
101 0 |a eng 
102 |a GB 
105 |a a j 000zy 
200 1 |a Cambridge. Examinations, Certificates& Diplomas  |e FCE. First certificate in English 
210 |a Cambridge  |c University of Cambridge  |d 1997 
215 |a 54 p. 
225 1 |a English as a Foreign Language 
606 1 |a Английский язык  |x Учебные руководства и пособия  |x Учебные руководства и пособия для высшей школы  |2 stltpush  |3 (RuTPU)RU\TPU\subj\29071  |9 52483 
610 1 |a лексика 
610 1 |a грамматика 
610 1 |a сертификаты 
686 |a Ш143.21-923  |v LBC/SL-A  |2 rubbk 
801 0 |a GB  |b 63413507  |c 20011209  |g PSBO 
801 2 |a RU  |b 63413507  |c 20160824  |g PSBO 
942 |c BK